000 00519nam a2200193Ia 4500
005 20250326141426.0
008 250326s9999 xx 000 0 und d
020 _a81-7132-059-7
037 _aTextbook
040 _aFMSL
_beng
_cFMSL
041 _aeng
_2eng
084 _aX61 N2
_qFMSL
100 _aKumar B
245 0 _aMonetary policy in the nineties : emerging trends
_cKumar B
260 _aJaipur
_bJaipur, Pointer
_c1992
300 _a205p
942 _cTB
_hX61 N2
999 _c1290249
_d1290249